Koleksi lagu-lagu pilihan Datuk Ibrahim Bachek / [penulis Datuk Ibrahim Bachek] (Record no. 3976)
[ view plain ]
| 000 -LEADER | |
|---|---|
| fixed length control field | nam a22 a 4500 |
| 003 - CONTROL NUMBER IDENTIFIER | |
| control field | AKMAL |
| 005 - DATE AND TIME OF LATEST TRANSACTION | |
| control field | 20170524142551.0 |
| 008 - FIXED-LENGTH DATA ELEMENTS--GENERAL INFORMATION | |
| fixed length control field | 080815s2008 my 000 0 may |
| 020 ## - INTERNATIONAL STANDARD BOOK NUMBER | |
| International Standard Book Number | 9789832600329 [jil. 1] |
| 020 ## - INTERNATIONAL STANDARD BOOK NUMBER | |
| International Standard Book Number | 9789832600336 [jil. 2] |
| 020 ## - INTERNATIONAL STANDARD BOOK NUMBER | |
| International Standard Book Number | 9789832600343 [jil. 3] |
| 039 #9 - LEVEL OF BIBLIOGRAPHIC CONTROL AND CODING DETAIL [OBSOLETE] | |
| Level of rules in bibliographic description | 200808181027 |
| Level of effort used to assign nonsubject heading access points | zalina |
| 040 ## - CATALOGING SOURCE | |
| Original cataloging agency | BNM |
| 082 04 - DEWEY DECIMAL CLASSIFICATION NUMBER | |
| Classification number | 782.421630899923 |
| Edition number | 22 |
| 100 0# - MAIN ENTRY--PERSONAL NAME | |
| Personal name | Ibrahim Bachek, |
| Titles and words associated with a name | Datuk |
| 9 (RLIN) | 7801 |
| 245 10 - TITLE STATEMENT | |
| Title | Koleksi lagu-lagu pilihan Datuk Ibrahim Bachek / [penulis Datuk Ibrahim Bachek] |
| 260 ## - PUBLICATION, DISTRIBUTION, ETC. | |
| Place of publication, distribution, etc. | Melaka : |
| Name of publisher, distributor, etc. | Institut Kajian Sejarah dan Patriotisme Malaysia, |
| Date of publication, distribution, etc. | 2008 |
| 263 ## - PROJECTED PUBLICATION DATE | |
| Projected publication date | 200809 |
| 300 ## - PHYSICAL DESCRIPTION | |
| Extent | ms. ; |
| Dimensions | cm. |
| 650 10 - SUBJECT ADDED ENTRY--TOPICAL TERM | |
| Topical term or geographic name entry element | Songs, Malay |
| Geographic subdivision | Malaysia |
| General subdivision | Texts |
| 9 (RLIN) | 7802 |
| 650 20 - SUBJECT ADDED ENTRY--TOPICAL TERM | |
| Topical term or geographic name entry element | Songs |
| General subdivision | Texts |
| 9 (RLIN) | 7803 |
| 650 20 - SUBJECT ADDED ENTRY--TOPICAL TERM | |
| Topical term or geographic name entry element | Musical |
| General subdivision | Librettos |
| 9 (RLIN) | 7804 |
| 942 ## - ADDED ENTRY ELEMENTS (KOHA) | |
| Source of classification or shelving scheme | |
| Koha item type | Book |
| Withdrawn status | Lost status | Source of classification or shelving scheme | Damaged status | Not for loan | Collection code | Home library | Current library | Shelving location | Date acquired | Inventory number | Total Checkouts | Full call number | Barcode | Date last seen | Price effective from | Koha item type |
|---|---|---|---|---|---|---|---|---|---|---|---|---|---|---|---|---|
| NON-FICTION | AKMAL Melaka | AKMAL Melaka | PINJAMAN | 24.05.2017 | 700201 | 782.421630899923 | 201704861 | 24.05.2017 | 24.05.2017 | Book | ||||||
| NON-FICTION | AKMAL Melaka | AKMAL Melaka | PINJAMAN | 24.05.2017 | 700200 | 782.421630899923 | 201704860 | 24.05.2017 | 24.05.2017 | Book | ||||||
| NON-FICTION | AKMAL Melaka | AKMAL Melaka | PINJAMAN | 24.05.2017 | 700199 | 782.421630899923 | 201704859 | 24.05.2017 | 24.05.2017 | Book |
